000 00344nam a22001217a 4500
020 _a9781032092492
082 _a658.300951
_bZHE
100 _aZheng, Connie
245 _aLabor relations and human resource management in China /
_cConnie Zheng
260 _aLondon :
_bRoutledge,
_c2021.
300 _a220 p. ;
_c23 cm.
942 _2ddc
_cBK
999 _c591489
_d591489